00309nam a2200133Ia 45000030006000000080041000060400015000471000019000622450038000812600021001193000006001405460012001460050017001580STCL150530s9999 xx 000 0 und d aSTCLcSTCL aUGC Exam Board aTruemans CSIR -UGC NET- Chemistry bUGC; Delhic2006 a0 aEnglish20220125170229.0